| 000 | 00573nam a2200193 4500 | ||
|---|---|---|---|
| 001 | 109743 | ||
| 003 | ES-MaACL | ||
| 005 | 20250817062554.0 | ||
| 007 | t| | ||
| 008 | 061121s1976 sp r ||||1| spa d | ||
| 245 | 0 | 0 |
_aOnce ensayos sobre la Historia / _cpor Carreras Ares... [et al.]. |
| 260 |
_aMadrid : _bFundación Juan March, _c1976. |
||
| 300 |
_a247 p. ; _c21 cm. |
||
| 650 | 1 | 7 |
_aHistoria _2embne _9179933 |
| 700 | 1 |
_aCarreras Ares, Juan José. _935668 |
|
| 710 | 2 |
_aFundación Juan March _94346 |
|
| 852 |
_aES-MaACL _jA-5826 _bR.94871 |
||
| 999 |
_c109743 _d109743 |
||